Sổ tay thực hành DVD /

Kaydedildi:
Detaylı Bibliyografya
Yazar: Lê Ngọc Cương
Materyal Türü: Kitap
Dil:Vietnamese
Baskı/Yayın Bilgisi: H. : Thống Kê , 2003
Edisyon:In lần thứ 1
Konular:
Etiketler: Etiketle
Etiket eklenmemiş, İlk siz ekleyin!
Thư viện lưu trữ: Thư viện Trường CĐ Kỹ Thuật Cao Thắng
LEADER 00782nam a2200229 a 4500
001 TVCDKTCT4332
003 Thư viện trường Cao đẳng Kỹ thuật Cao Thắng
005 20170602153001.0
008 051214
980 \ \ |a Thư viện Trường CĐ Kỹ Thuật Cao Thắng 
024 |a RG_1 #1 eb0 i1 
041 0 # |a vie 
082 # # |a 621.389 /   |b L250C-s 
100 1 # |a Lê Ngọc Cương 
245 0 0 |a Sổ tay thực hành DVD /   |c Lê Ngọc Cương 
250 # # |a In lần thứ 1 
260 # # |a H. :   |b Thống Kê ,   |c 2003 
300 # # |a 211tr. ;   |c 20,5cm 
650 # 4 |a Các dạng DVD-Sản xuất DVD 
650 # 4 |a Điện tử 
721 # # |a CNKT Điện tử 
841 # # |b Kho Sách   |j 100012746, 100012860, 100012865, 100012982, 100013143